| 000 | 00452nam a22001817a 4500 | ||
|---|---|---|---|
| 003 | OSt | ||
| 005 | 20250506120901.0 | ||
| 008 | 250430b |||||||| |||| 00| 0 eng d | ||
| 020 | _a9781118990001 | ||
| 040 | _cRDA | ||
| 100 |
_aS.FORTNER,ROBERT., _eAUTHOR _9753560 |
||
| 245 | _aWORLD MEDIA ETHICS | ||
| 260 |
_aUSA _bJOHN WILEY _c2018 |
||
| 300 | _avii,249P | ||
| 650 | _2ETHICS | ||
| 700 |
_aFACKLER,MARK., _eAUTHOR _9753561 |
||
| 942 |
_2CC _cGB _n0 |
||
| 999 |
_c1309825 _d1309825 |
||